000 00786nam a2200241 a 4500
001 000019570
003 OSt
005 20200929170049.0
008 100630s1981 cr r 000 p spa d
040 _aDO-SdBNP
_bspa
_cBNPHU
082 _aCU861
_bE774a
100 1 _aEspina-Pérez, Darío
_941983
245 1 0 _aA Sangre y fuego /
_cDarío Espinosa-Pérez ; prólogo Enrique Macaya Lahmann.
260 _aSan José, Costa Rica :
_bLitografía e Imprenta,
_c1981.
300 _a325 p. ;
_c21 cm.
500 _aIncluye referencia biográfica del autor en la solapa.
590 _aInventariado, 2020 / DG
650 4 _aPoesía cubana
_95226
650 4 _aLiteratura cubana
_91483
700 1 _aMacaya Lahmann, Enrique,
_epról.
_941984
910 _aEn catalogacòn
942 _2ddc
_cLF1
999 _c19086
_d19086